| 000 | 00775cam a2200217 4500 | ||
|---|---|---|---|
| 001 | J64344 | ||
| 008 | 000000n1994 000 0 eng u | ||
| 035 | _a(Sirsi) u112347 | ||
| 110 |
_aInstitute of Building Control _93341 |
||
| 245 | _aBuilding for your future - education and membership portfolio | ||
| 260 |
_aLondon _bIBC _c1994 |
||
| 300 | _a17p. ; 30cm. | ||
| 520 | _aStored in basement. Information booklet explaining the routes to charted membership, the exam syllabuses and CPD. | ||
| 650 | _aINSTITUTE OF BUILDING CONTROL | ||
| 650 | _aIBC | ||
| 650 | _aPROFESSIONAL ASSOCIATIONS | ||
| 650 | _aCAREERS, EDUCATION AND TRAINING | ||
| 650 | _aCAREERS, EDUCATION AND TRAINING | ||
| 690 | _aMANAGEMENT-BUSINESS MANAGEMENT-PROFESSIONAL PRACTICE | ||
| 942 | _n0 | ||
| 999 |
_c101409 _d101409 |
||